| 000 | 02023cam a2200457Ka 4500 | ||
|---|---|---|---|
| 001 | ocn864829300 | ||
| 003 | OCoLC | ||
| 005 | 20241010163622.0 | ||
| 008 | 131209s2013 ch b 000 0 chi d | ||
| 020 | _a9789861983370 | ||
| 020 | _a9861983376 | ||
| 035 | _a(OCoLC)864829300 | ||
| 041 | 1 |
_achi _heng |
|
| 100 | 1 |
_a賴特 Wright, N. T. _q(Nicholas Thomas) |
|
| 240 | 1 | 0 |
_aNew Testament and the people of God. _lChinese |
| 245 | 1 | 0 |
_aXin yue yu Shen de zi min = New Testament and the people of God {ch} / _cLaite = N.T. Wright zhu ; Zuo Xintai yi. |
| 250 |
_6880-02 _aChu ban. |
||
| 260 |
_6880-03 _aXinbei Shi : _bXiao yuan shu fang chu ban she, _c2013. |
||
| 300 |
_axxvi, 768 p. ; _c23cm. |
||
| 336 | _2rdacontent | ||
| 337 | _2rdamedia | ||
| 338 | _2rdacarrier | ||
| 490 |
_a基督教起源與上帝議題 Jidu jiao qi yuan yu shang di yi ti = _aChristian orgions and the question of God ; _v1 |
||
| 490 |
_6880-05 _aLi cheng bei xi lie. er shi shi ji jie zuo xuan |
||
| 500 | _aTranslation of : The New Testament and the people of God / N T Wright ; Christian origins and the question of God series; London : SPCK, c1992. | ||
| 504 | _aIncludes bibliographical references and indexes. | ||
| 630 | 0 | 0 |
_aBible. _pNew Testament. _lEnglish. _sRevised Standard. _f1989. |
| 630 | 0 | 0 |
_aBible. _pNew Testament _xTheology. |
| 630 | 0 | 0 |
_aBible. _pNew Testament _xCriticism, Textual. |
| 650 | 0 |
_aGod _xBiblical teaching. |
|
| 650 | 0 |
_aGod (Christianity) _xHistory of doctrines _yEarly church, ca. 30-600. |
|
| 650 | 0 |
_aChristianity _xOrigin. |
|
| 650 | 0 |
_aPeople of God _xHistory of doctrines _yEarly church, ca. 30-600. |
|
| 650 | 0 |
_aChurch history _yPrimitive and early church, ca. 30-600. |
|
| 650 | 0 |
_aJudaism _xHistory _yTalmudic period, 10-425. |
|
| 650 | 0 |
_aChristianity and other religions _xJudaism. |
|
| 650 | 0 |
_aJudaism _xRelations _xChristianity. |
|
| 700 | 1 | _aZuo, Xintai. | |
| 800 | 1 |
_aWright, N. T. _q(Nicholas Thomas). _tChristian origins and the question of God ; _vv. 1. |
|
| 942 |
_2lcc _cBK _012 |
||
| 999 |
_c38352 _d38352 |
||